33º Congreso Argentino de Producción Animal
Guardado en:
| Autores Corporativos: | , |
|---|---|
| Formato: | Electrónico |
| Idioma: | Spanish |
| Publicado: |
Balcarce :
AAPA,
2010.
|
| Series: | Revista Argentina de Producción Animal ;
v. 30 Supl. 1 |
| Acceso en línea: | Acceso a texto completo |
| Etiquetas: |
Agregar Etiqueta
Sin Etiquetas, Sea el primero en etiquetar este registro!
|
| LEADER | 00756nmm a22001455a 4500 | ||
|---|---|---|---|
| 001 | EEA.libagro010667 | ||
| 008 | 140203s2010####ag#########m########spa#d | ||
| 005 | 20200318151837.0 | ||
| 245 | 1 | 0 | |a 33º Congreso Argentino de Producción Animal |h [recurso electrónico] / |c Asociación Argentina de Producción Animal. |
| 260 | |a Balcarce : |b AAPA, |c 2010. | ||
| 490 | 1 | |a Revista Argentina de Producción Animal ; |v v. 30 Supl. 1 | |
| 538 | |a Modo de acceso: World Wide Web. | ||
| 111 | 2 | |a Congreso Argentino de Producción Animal |n (33 : |d 13 al 15 de octubre de 2010 : |c Comarca Viedma - Patagones) | |
| 710 | 2 | |a Asociación Argentina de Producción Animal. | |
| 856 | |3 Acceso a texto completo |u http://ppct.caicyt.gov.ar/index.php/rapa/issue/view/Volumen%2030%20Supl.%201%20-%202010/showToc | ||
